[Event "VIE-ch U09"]
[Site "Hai Phong"]
[Date "2018.07.11"]
[Round "7"]
[White "Nguyen, The Nang"]
[Black "Nguyen, Minh Duc"]
[Result "0-1"]
[WhiteElo "1957"]
[BlackElo "1919"]
[PlyCount "52"]
[EventDate "2018.07.07"]
[EventType "swiss"]
[EventRounds "9"]
[EventCountry "VIE"]
[SourceTitle "EXT 2019"]
[Source "ChessBase"]
[SourceDate "2018.10.10"]
[SourceVersion "1"]
[SourceVersionDate "2018.10.10"]
[SourceQuality "1"]

1. e4 e6 2. d4 d5 3. exd5 exd5 4. Nc3 c6 5. Nf3 Bd6 6. Bd3 Ne7 7. 0-0 0-0 8. Ng5 h6 9. Qh5 Bf5 10. Bxf5 Nxf5 11. Nh3 Qf6 12. Be3 Nxd4 13. Qd1 Nf5 14. Re1 Nd7 15. Qd2 Ne5 16. Ne2 Nc4 17. Qc1 Nfxe3 18. fxe3 Qxb2 19. Qxb2 Nxb2 20. Rab1 Ba3 21. Nd4 Rab8 22. e4 Bc5 23. c3 Na4 24. Rbd1 Nxc3 25. Rd2 Nxe4 26. Rd3 Rfe8 0-1